00490nam a2200181Ia 450000500170000000800410001702000060005808200130006410000140007724500270009126000280011830000130014665000220015965000130018194200060019495200950020099900130029520240702005848.0240331s9999 xx 000 0 und d a  a100bDUN aDuncan, R 4aThe writings of Gandhi aCalcuttabRupa.coc1990 a288 p ., aGandhi's writings aReligion cL 001040708LaWERCLbWERCLcSSCd2024-03-31l0o 100 DUNp1001r2024-03-31w2024-03-31yL c703d703